| 000 | 00734nam a22001937a 4500 | ||
|---|---|---|---|
| 003 | NUST - PNEC | ||
| 005 | 20170116181200.0 | ||
| 008 | 160208b xxu||||| |||| 00| 0 eng d | ||
| 020 | _a9781849040464 | ||
| 040 | _cLIBRARY | ||
| 082 | _a363.325095491 TAN | ||
| 100 |
_916277 _aTankel, Stephen |
||
| 245 |
_aStorming the world stage : the story of Lashkar-e-Taiba _cStephen Tankel |
||
| 260 |
_aLondon: _bHurt & Company; _cc2011. |
||
| 300 | _a352 pages: | ||
| 650 |
_916278 _aJamat al-Dawa Pakistan,Terrorism--Religious aspects--Islam _xGeneral |
||
| 856 | _uhttp://www.amazon.com/Storming-World-Stage-Story-Lashkar-E-Taiba/dp/184904046X/ref=sr_1_1?s=books&ie=UTF8&qid=1454910534&sr=1-1&keywords=9781849040464 | ||
| 942 |
_2ddc _cBK |
||
| 999 |
_c71395 _d71395 |
||